| 000 | 02062cam a22004091ia4500 | ||
|---|---|---|---|
| 003 | SA-RiAUC | ||
| 005 | 20250721041012.0 | ||
| 008 | 250721s2011 su o f f00010 ara c | ||
| 020 | _a9786038002377 (مجموعة) | ||
| 020 | _a9786038002384 (مج. 1) | ||
| 020 | _a9786038002384 | ||
| 020 | _a9786038002377 | ||
| 020 | _a9786038002391 (مج. 2) | ||
| 040 |
_aSA-JeOIC _bara _cSA-RiAUC _erda |
||
| 043 | _aar----- | ||
| 082 | 0 | 4 |
_a939.49 _qSA-RiAUC |
| 090 |
_a939.49 _bغ ز ي |
||
| 100 | 1 |
_aالغزي، عبد العزيز بن سعود بن جار الله، _d1377 هجري- _eمؤلف. |
|
| 245 | 1 | 0 |
_aمشروع مسح وتوثيق المنشآت الحجرية في محيط عيني فرزان : _bدراسة ميدانية مقارنة للمقابر الركامية الحجرية / _cعبد العزيز سعود الغزي. |
| 250 | _aالطبعة الأولى. | ||
| 264 | 1 |
_aالرياض : _bدارة الملك عبد العزيز، _c2011. |
|
| 300 |
_a2 مجلد (445 ؛ 668 صفحة ) : _bصور ؛ _c24 سم. |
||
| 336 |
_aنص _btxt _2rdacontent _3كتاب |
||
| 337 |
_aبدون وسيط _bn _2rdamedia |
||
| 338 |
_aمجلد _bnc _2rdacarrier |
||
| 490 | 0 |
_aإصدارات دارة الملك عبد العزيز ؛ _v260 |
|
| 500 | _aغلاف مصور. | ||
| 500 | _aيشتمل على ملحق للوحات والأشكال. | ||
| 504 | _aيشتمل على إرجاعات ببليوجرافية. | ||
| 505 | 0 | _aالمحتويات : مجلد 1. دراسة ميدانية مقارنة للمقابر الركامية الحجرية-مجلد 2. قناة الري في فرزان : عيني فرزان وفخارها : دراسة ميدانية وتوثيقية آثارية مقارنة. | |
| 650 | 7 |
_aالمقابر _xتاريخ _2aucsh |
|
| 651 | 7 |
_aشبه الجزيرة العربية _xآثار _2aucsh |
|
| 651 | 7 |
_aشبه الجزيرة العربية _xتاريخ قديم _2aucsh |
|
| 651 | 7 |
_aالجبيل (السعودية) _xآثار _2aucsh |
|
| 942 |
_2ddc _cBOOK |
||
| 949 |
_aSA-JeALM _d250721 _ukhaled123 _n1 |
||
| 999 |
_c10150 _d10150 |
||